=LDR 00000nam 2200000 4500 =001 INLIS000000000053897 =005 20200326072631 =035 ##$$a 0010-0319000092 =007 ta =008 200326################g##########0#ind## =020 ##$$a 979-8590-07-4 =082 ##$$a 297.542 =084 ##$$a 297.542 DUD b =100 #$$a Dudung Abdullah Harun =245 1#$$a Bimbingan dzikir orang sakit dan amalan menuju husnul khotimah /$c Drs.Dudung Abdullah Harun =250 ##$$a Cet 3 =260 ##$$a Jakarta :$b Kalam Mulia,$c 2005 =300 ##$$a xv, 148 hlm. : $b ilus. ; $c 20 x 14 Cm. =650 #4$$a Zikir =504 ##$$a Bibliografi halaman : 148 =990 ##$$a 51800046 =990 ##$$a 31800289